Making sense of reading : An introduction to reading skills in English
Making sense of reading is an introduction to reading skills for students of intermediate level. Each of the ten units contains authentic British or American texts and accompanying sets of exercises and activities which are designed to develop and improve the basic skills necessary for efficient rea...
Na minha lista:
| Autor principal: | |
|---|---|
| Formato: | Livro |
| Idioma: | Undetermined |
| Publicado em: |
London
Harrap
1983
|
| Assuntos: | |
| Tags: |
Adicionar Tag
Sem tags, seja o primeiro a adicionar uma tag!
|
| Thư viện lưu trữ: | Trung tâm Học liệu Trường Đại học Cần Thơ |
|---|
| LEADER | 00931nam a2200217Ia 4500 | ||
|---|---|---|---|
| 001 | CTU_141183 | ||
| 008 | 210402s9999 xx 000 0 und d | ||
| 082 | |a 428.4076 | ||
| 082 | |b M224 | ||
| 100 | |a Maingay, Susan | ||
| 245 | 0 | |a Making sense of reading : | |
| 245 | 3 | |b An introduction to reading skills in English | |
| 245 | 0 | |c Susan Maingay | |
| 260 | |a London | ||
| 260 | |b Harrap | ||
| 260 | |c 1983 | ||
| 520 | |a Making sense of reading is an introduction to reading skills for students of intermediate level. Each of the ten units contains authentic British or American texts and accompanying sets of exercises and activities which are designed to develop and improve the basic skills necessary for efficient reading. | ||
| 650 | |a Reading,Kỹ năng đọc | ||
| 650 | |x Problems, exercises, etc.,Bài tập và bài giải | ||
| 904 | |i Trọng Hải | ||
| 980 | |a Trung tâm Học liệu Trường Đại học Cần Thơ | ||